header

Advances in positive organizational psychology (Record no. 38878)

MARC details
000 -LEADER
fixed length control field 01268nam a2200313 a 4500
245 00 - TITLE STATEMENT
Title Advances in positive organizational psychology
250 ## - EDITION STATEMENT
Edition statement 1st ed.
260 ## - PUBLICATION, DISTRIBUTION, ETC. (IMPRINT)
Place of publication Bingley [England] :
Name of publisher Emerald Insight,
Year of publication 2013.
300 ## - PHYSICAL DESCRIPTION
Number of Pages xi, 396 p. :
Other physical details ill. (some col.).
490 0# - SERIES STATEMENT
Series statement Advances in positive organizational psychology,
650 #0 - SUBJECT ADDED ENTRY--TOPICAL TERM
Topical Term Psychology, Industrial.
Topical Term Organizational behavior.
700 1# - ADDED ENTRY--PERSONAL NAME
Personal name Bakker, Arnold B.
856 40 - ELECTRONIC LOCATION AND ACCESS
Uniform Resource Identifier http://site.ebrary.com/lib/rucke/Doc?id=10721225

No items available.

© 2026 Rongo University
Contact us: librarian | system librarian | Rongo university